000 00494nam a22001817a 4500
003 NUST - PNEC
005 20170116181205.0
008 160226b xxu||||| |||| 00| 0 eng d
020 _a-
040 _cLIBRARY
082 _a030 BAH
100 _916648
_aBahalim, Arif A.
245 _aIndustrial Source Book of Pakistan 2014-2015 Edition
_cArif A. Bahalim
260 _aPakistan
_bworld trade Publishers
300 _a556 p. :
650 _916649
_aIndustrial
_xGeneral
942 _2ddc
_cBK
999 _c71594
_d71594